Culture Générale - Série 2725 - Statistiques

Statistiques générales
  • Ce quiz a été pris 61 fois
  • Le résultat moyen est 5 sur 10
Statistiques - réponses
Question Réponse % Correct
Quel organe du corps humain secrète la bile ? foie
80%
Dans quel pays se trouve la ville portuaire d'Odessa ? Ukraine
76%
Quel était le prénom de l'Incorruptible Robespierre ? Maximilien
62%
Sous quel nom connait-on mieux l'auteur de BD Georges Rémi ? Hergé
58%
Quel oiseau est représenté en hologramme sur les cartes Visa ? colombe
53%
Dans la mythologie grecque quel oiseau est le symbole d'Athéna ou Minerve (Romaine) ? chouette
44%
Qui a remporté la Coupe Davis en 1996 ? France
38%
Qui est le saint patron des boulangers ? Honoré
35%
De quel recueil de poèmes de Guillaume Apollinaire fait partie "Le pont Mirabeau" ? Alcools
29%
Qui a réalisé le film "Madame Bovary" en 1991 ? prénom et nom Claude Chabrol
5%
Aucun quiz correspondant
Distribution des résultats
% des personnes avec chaque résultat
Percentile par nombre de réponses
Votre historique - résultats
Vous n’avez pas pris ce quiz